Biggest Cities in the European Union by Letter - J - Statistics

General Stats
  • This quiz has been taken 180 times
  • The average score is 5 of 20
Answer Stats
# Population Country Hint City % Correct
1 213,000 Spain Flamenco, Sherry, Horses Jerez de la Frontera
76%
3 135,000 Sweden Vättern Lake Jönköping
54%
5 110,000 Germany Friedrich Schiller Jena
50%
4 115,000 Spain The Arabs called it Yayyan Jaén
44%
2 139,000 Finland In Central Finland Jyväskylä
40%
9 76,000 Finland Eastern Finland, Karelia Joensuu
27%
14 49,000 Latvia Gulf of Riga town in the Art Nouveau style Jūrmala
26%
11 57,000 Latvia Largest town in Zemgale, German: Mitau Jelgava
24%
16 43,000 United Kingdom 1936 march against unemployment Jarrow
20%
13 51,000 Czech Republic Capital of the Vysočina Region Jihlava
18%
8 81,000 Poland The name means "Deer Mountain" in Polish Jelenia Góra
16%
7 90,000 Poland German: Bad Königsdorf-Jastrzemb Jastrzębie-Zdrój
13%
15 45,000 Czech Republic Mountain resort in the Jizera Mountains Jablonec nad Nisou
12%
6 93,000 Poland Silesian Highlands, Przemsza River Jaworzno
12%
17 42,000 Finland Jean Sibelius, "Ainola" Järvenpää
10%
20 38,000 France Largest suburb of Tours Joué-lès-Tours
10%
10 74,000 Sweden Part of the Stockholm urban area Järfälla
8%
12 51,000 Belgium Brussels suburb, Vrije Universiteit Jette
8%
19 38,000 Poland South-eastern Poland Jaroslaw
7%
18 40,000 Italy Comune in Ancona Province, Frederick II Jesi
4%
No matching quizzes found
Score Distribution
Percent of People with Each Score
Percentile by Number Answered
Your Score History
You have not taken this quiz